00891nam a22002055i 450000100060000000300090000600500170001500700030003200800410003504000180007610000470009424501360014126000780027730000290035560000740038460000650045885200210052399900170054495201240056154460ES-MaACL20230906162947.0t|980112s1862 fr ||||1| fre d aNA bspa cNA1 aFoucher de Careil, Louis Alexandre.95192710aHegel et Schopenhauer b: études sur la philosophie allemande moderne depuis Kant jusqu'a nos jours / cpar A. Foucher de Careil. aParis : bL. Hachette et Cie., c1862 (fImprimerie de Ch. Lahure et Cie) aXXXIX, 386 p. ; c22 cm.04aHegel, Georg Wilhelm Friedrich-xCrítica e interpretación.96231704aSchopenhauer, Arthur-xCrítica e interpretación.9104659 aES-MaACLjG-7955 c54460d54460 001040708LIBXIXaATENEOMbATENEOMcSPP3d2008-01-17eSCl0oG-7955p1057227r2023-02-23 00:00:00w2023-02-23yMONANT